00635nam a22001937a 450000500170000001000630001702000260008003500170010603500140012303700100013703700090014708200170015610000260017324500770019926000460027627000730032230000210039570000250041620260410144914.0 aB-746563-568 ENG-148211 E.N.A./7.11.22 a9780143451426c399.00 aB-746563-568 aEN-131743 bAakar bDBAD a305.56880954 aRanabadran, Sudarshan aMakers of Modern Dalit/cSudarshan Ramabadran [and] Guru Prakash Paswan aHaryanabPenguin Random House Indiac2021 a7th floor, Ifinity Tower C, DLF Cyber City,Gurgoan bHaryanae122002 a172pb22cm (pbk) aPaswan, Prakash Guru